Safe place in the future : (Record no. 1112)

MARC details
000 -LEADER
campo de control de longitud fija 01458nam a22002537a 4500
008 - DATOS DE LONGITUD FIJA--INFORMACIÓN GENERAL
campo de control de longitud fija 161207s2015 ph||||| |||| 00| 0 eng d
020 ## - NÚMERO INTERNACIONAL ESTÁNDAR DEL LIBRO
Número Internacional Estándar del Libro 978971855919
082 04 - NÚMERO DE LA CLASIFICACIÓN DECIMAL DEWEY
Número de clasificación 708
Número de ítem S128s
110 1# - ENTRADA PRINCIPAL--NOMBRE DE ENTIDAD CORPORATIVA
Nombre de entidad corporativa o nombre de jurisdicción como elemento de entrada Museum of Contemporary Art and Design (MCAD).
9 (RLIN) 5682
245 10 - MENCIÓN DEL TÍTULO
Título Safe place in the future :
Resto del título dystopia now, utopia never /
Mención de responsabilidad, etc. Museum of Contemporary Art and Design (MCAD) ; curaduría por Joselina Cruz.
250 ## - MENCION DE EDICION
Mención de edición 1a ed.
260 ## - PUBLICACIÓN, DISTRIBUCIÓN, ETC.
Lugar de publicación, distribución, etc. Manila, Filipinas :
Nombre del editor, distribuidor, etc. MCAD,
Fecha de publicación, distribución, etc. 2015.
300 ## - DESCRIPCIÓN FÍSICA
Extensión 40 p.
Otras características físicas il.col.
500 ## - NOTA GENERAL
Nota general Catálogo publicado con motivo a la exhibición "Safe place in the future: dystopia now, utopia never", presentada de 23 de julio al 23 de noviembre del 2013, en Museum of Contemporary Art and Design (MCAD).
505 00 - NOTA DE CONTENIDO CON FORMATO
Título From Banghok to Manila, in search of safe places in the future together...
Mención de responsabilidad Gridthiya Gaweewong.
Título Safe place in the future II: dystopia now, utopia never
Mención de responsabilidad Somsuda Piamsumrit y Worathep Akkabootara.
Título Contemporaneity, crisis and hope
Mención de responsabilidad Lisa Ito.
Título 7 years of deep south, photograhs and 170 years of photojournalism on earth
Mención de responsabilidad Srisompob Jitpiromsri.
Título A tale of all cities: contemporary urban insecurity
Mención de responsabilidad Dr. Surachart Bamrungsuk
Título Curatorial essay
Mención de responsabilidad Joselina Cruz.
653 10 - TÉRMINO DE INDIZACIÓN--NO CONTROLADO
Término no controlado Arte contemporáneo
653 10 - TÉRMINO DE INDIZACIÓN--NO CONTROLADO
Término no controlado Catálogo de exhibición
653 10 - TÉRMINO DE INDIZACIÓN--NO CONTROLADO
Término no controlado Exhibiciones
653 10 - TÉRMINO DE INDIZACIÓN--NO CONTROLADO
Término no controlado Arte - Filipinas
653 10 - TÉRMINO DE INDIZACIÓN--NO CONTROLADO
Término no controlado Instalaciones
653 10 - TÉRMINO DE INDIZACIÓN--NO CONTROLADO
Término no controlado Fotografía
653 10 - TÉRMINO DE INDIZACIÓN--NO CONTROLADO
Término no controlado Videoarte
700 1# - ENTRADA AGREGADA--NOMBRE PERSONAL
Nombre de persona Cruz, Joselina.
Término indicativo de función/relación curadora.
9 (RLIN) 5684
Holdings
Estatus retirado Estado de pérdida Fuente del sistema de clasificación o colocación Estado de daño No para préstamo Biblioteca de origen Biblioteca actual Ubicación en estantería Fecha de adquisición Total de préstamos Signatura topográfica completa Código de barras Visto por última vez Precio de reemplazo Tipo de ítem Koha
    Clasificación Decimal Dewey     Biblioteca LadoV Biblioteca LadoV   07/12/2016   708 S128s 004298 07/12/2016 07/12/2016 Material 01